000 00648nam a22002417a 4500
003 UA-OsUOA
001 92040
007 ta
008 20121210b un ||||| |||| 00| 0 ukr d
100 _aСорочинський Б. В.
090 _a576.38
_bС65
942 _cBK
040 _aUA-OsUOA
_bukr
_cUA-OsUOA
_dUA-OsUOA
245 _aЦитоскелет і ефекти опромінення
_bмонографія
300 _a192 с.
955 _a1
041 _aukr
080 _a576.38
020 _a978-966-00-1179-3
260 _aК.
_bНаукова думка
_c2012
650 7 _a576 Цитологія
_2UDC
999 _c378294
_d378294